=LDR 00000nam 2200000 4500 =001 INLIS000000000028678 =005 20130612130951 =008 ***********************************Ind** =035 ##$$0010-061300000028678 =041 ##$$a Ind =082 ##$$a 378.1 =090 ##$$a 378.1, UJI u =245 ##$$a Ujian masuk perguruan tinggi negeri 1998 =260 ##$$a [S.a] $b [S.l] =300 ##$$a 100 hlm, 30 cm =650 ##$$a Pendidikan-Soal Ujian =850 ##$$a NBPNMAT